00802nam a2200241Ia 450000500170000000800410001702000150005810000170007324500850009025000190017530000270019465000380022165000420025965000340030165000340033570000290036926400280039833600270042633700330045333800280048604000350051408400110054920220317000738.0160601s2005 ve g 000 0 spa  a98029330231 aColfer, Eoin10aArtemis Fowl bencuentro en el Ártico cEoin Colfer ; traducción Ana Alcaina a1a. edición  a319 páginas c18 cm 142LEMBaNovela irlandesa vSiglo XX142LEMBaLiteratura irlandesa ySiglo XX142LEMBaMagia en la literatura 142LEMBaHadas en la literatura 1 aAlcaina, Anaetraductor  aCaracas bMontenac2005 atextobtxt2rdacontent asin mediaciónbn2rdamedia avolumenbnc2rdacarrier aCO-BoRNBPbspaerdacCO-BoRNBP aN COL9